30 - Second architecture the 50 most significant principles and styles in architecture, each explained in half a minute (Record no. 6736)
[ view plain ]
| 000 -LEADER | |
|---|---|
| fixed length control field | 00342nam a2200109Ia 4500 |
| 008 - FIXED-LENGTH DATA ELEMENTS--GENERAL INFORMATION | |
| fixed length control field | 200302s9999 xx 000 0 und d |
| 100 ## - MAIN ENTRY--PERSONAL NAME | |
| Personal name | Edward Denison |
| 245 ## - TITLE STATEMENT | |
| Title | 30 - Second architecture the 50 most significant principles and styles in architecture, each explained in half a minute |
| 260 ## - PUBLICATION, DISTRIBUTION, ETC. | |
| Name of publisher, distributor, etc. | I V Y Press |
| 260 ## - PUBLICATION, DISTRIBUTION, ETC. | |
| Date of publication, distribution, etc. | 2013 |
| 300 ## - PHYSICAL DESCRIPTION | |
| Extent | 160 |
| Withdrawn status | Lost status | Damaged status | Not for loan | Permanent Location | Current Location | Date acquired | Cost, normal purchase price | Total Checkouts | Full call number | Barcode | Date last seen | Date last checked out | Price effective from | Koha item type |
|---|---|---|---|---|---|---|---|---|---|---|---|---|---|---|
| BMS College of Architecture, Design and Planning | BMS College of Architecture, Design and Planning | 2020-03-03 | 1334.11 | 1 | 720 | AR-UG638 | 2022-11-08 | 2022-11-07 | 2020-03-03 | UG Books |